000
00251nam a2200097Ia 4500
008
240331s9999 xx 000 0 und d
082
_a
303.6
_b
INT
100
_a
Marga institute
245
0
_a
Inter racial equity and national unity in Sri Lanka
942
_c
L
999
_c
1263
_d
1263